| 000 | 00358nam a22001577a 4500 | ||
|---|---|---|---|
| 003 | SGT | ||
| 020 | _a9788131264713 | ||
| 082 |
_a617.69 _bP22L |
||
| 100 | _aLakshmi, S. | ||
| 245 | _aPreclinical Manual of Prosthodontics | ||
| 250 | _a4th ed. | ||
| 260 |
_aNetherlands _bElsevier _c2022 |
||
| 300 | _a337 | ||
| 650 | _aProsthodontics | ||
| 942 |
_2ddc _cBK _063 |
||
| 999 |
_c26799 _d26799 |
||